LEADER 00973nam 2200337 450 001 990006006010203316 005 20150209095344.0 010 $a88-383-0029-1 035 $a000600597 035 $aUSA01000600597 035 $a(ALEPH)000600601USA01 035 $a000600597 100 $a20071219d1986----km-y0itay50------ba 101 0 $aita 102 $aIT 105 $aa---||||001yy 200 1 $a<> Sahel$esopravvivenza, autosufficienza, sviluppo, restaurazione dell'ecosistema$fDetalmo Pirzio Biroli 210 $aFirenze$cSansoni$d1986 215 $aXXI, 786 p.$cill.$d24 cm 300 $aSegue: Appendice cartografica 606 0 $aSahel$xEconomia 676 $a330.966 700 1$aPIRZIO BIROLI,$bDetalmo$0244399 801 0$aIT$bsalbc$gISBD 912 $a990006006010203316 951 $aXVII.2953$b1746 DBC$cXVII$d363765 959 $aBK 969 $aDBC 979 $aPASSARO$b90$c20150209$lUSA01$h0953 996 $aSahel$9653712 997 $aUNISA LEADER 03041nam 2200613 450 001 9910464459903321 005 20200520144314.0 010 $a1-61149-463-X 035 $a(CKB)3710000000082436 035 $a(EBL)1583591 035 $a(OCoLC)869092645 035 $a(SSID)ssj0001080493 035 $a(PQKBManifestationID)12527914 035 $a(PQKBTitleCode)TC0001080493 035 $a(PQKBWorkID)11071506 035 $a(PQKB)11457950 035 $a(MiAaPQ)EBC1583591 035 $a(Au-PeEL)EBL1583591 035 $a(CaPaEBR)ebr10823583 035 $a(CaONFJC)MIL568687 035 $a(EXLCZ)993710000000082436 100 $a20140117d2014 uy 0 101 0 $aeng 135 $aur|n|---||||| 181 $ctxt 182 $cc 183 $acr 200 10$aFreedom and dialogue in a Polarized World /$fSharon Schuman 210 4$dİ2014 210 1$aLanham, Maryland :$cUniversity of Delaware Press,$d2014. 215 $a1 online resource (257 p.) 300 $aDescription based upon print version of record. 311 $a1-61149-602-0 311 $a1-61149-462-1 320 $aIncludes bibliographical references and index. 327 $aContents; Acknowledgments; Preface; 1 Introducing Dialogic Freedom; 2 A Father Begs for His Son's Corpse in the Iliad; 3 Passion and Freedom in Dante's Inferno; 4 Deaf to Shylock in The Merchant of Venice; 5 The Virtuosity of Satan in Paradise Lost; 6 Shaping the Master's Vision in "Benito Cereno"; 7 The Grand Inquisitor's Silent Christ; 8 Goading the Reader of "In the Penal Colony"; 9 Freedom under Impossible Conditions in Beloved; 10 Freedom under Construction in a Polarized World; Epilogue; Appendix A: Theoretical Roots of Dialogic Freedom 327 $aAppendix B: Discussion Guide for Teachers, Students, and Book GroupsGlossary; Bibliography; Index; About the Author 330 $aFreedom and Dialogue in a Polarized World argues that our most cherished ideas about freedom-being left alone to do as we please, or uncovering the truth-have failed us. They promote the polarized thinking that blights our world. Rooted in literature, political theory and Mikhail Bakhtin's theories of language, this book introduces a new concept: dialogic freedom. This concept combats polarization by inspiring us to feel freer the better able we are to see from the perspectives of others. To say that freedom is di 606 $aLiberty in literature 606 $aDecision making in literature 606 $aAutonomy in literature 608 $aElectronic books. 615 0$aLiberty in literature. 615 0$aDecision making in literature. 615 0$aAutonomy in literature. 676 $a809/.933581 700 $aSchuman$b Sharon$f1946-$0970133 801 0$bMiAaPQ 801 1$bMiAaPQ 801 2$bMiAaPQ 906 $aBOOK 912 $a9910464459903321 996 $aFreedom and dialogue in a Polarized World$92205115 997 $aUNINA